[Event "Dundee & Angus Major"]
[Site "?"]
[Date "2009.10.17"]
[Round "2"]
[White "Dickson, Callum"]
[Black "Morris, Ian"]
[Result "1-0"]
[WhiteElo "1126"]
[BlackElo "1429"]
[Annotator ",Raymond"]
[PlyCount "75"]

{32MB, Fritz9.ctg, CASTLEHILL} 1. Nf3 1... d5 2. c4 Nf6 3. g3 Nc6 4. Bg2 e6 5.
Nc3 d4 6. Nb1 Bc5 7. d3 O-O 8. O-O e5 9. Re1 Bd7 10. e3 Bb4 11. Bd2 dxe3 12.
fxe3 Bg4 13. a3 Be7 14. Qc2 Bf5 15. Nc3 Bxd3 16. Qd1 Bxc4 17. b3 Bd3 18. b4 a6
19. Na2 Qd7 20. a4 e4 21. Ng5 h6 22. Nh3 Rad8 23. Nf2 Ne5 24. Nc1 Qc6 25. Ncxd3
Nxd3 26. Nxd3 Rxd3 27. Bf1 Rdd8 28. b5 axb5 29. axb5 Qe6 30. Qc2 b6 31. Rad1
Bc5 32. Bc4 Qe5 33. Bc3 Qg5 34. Bxf6 Qxf6 35. Rxd8 Rxd8 36. Qxe4 Rd2 37. Rf1
Qd6 38. Bxf7+ 1-0

7+ 1-0

[Event "Dundee & Angus Major"]
[Site "?"]
[Date "2009.10.17"]
[Round "2"]
[White "Pearson, Walter"]
[Black "Kalman, Tamas"]
[Result "1-0"]
[WhiteElo "1504"]
[BlackElo "1349"]
[Annotator ",Raymond"]
[PlyCount "91"]

{32MB, Fritz9.ctg, CASTLEHILL} 1. e4 1... e5 2. Nc3 Nf6 3. f4 d5 4. fxe5 Nxe4
5. d3 Qh4+ 6. g3 Nxg3 7. Nf3 Qh5 8. Nxd5 Na6 9. Nf4 Qg4 10. hxg3 Qxg3+ 11. Ke2
Bg4 12. Bg2 g5 13. Qe1 gxf4 14. Qxg3 fxg3 15. Bf4 Bg7 16. d4 O-O-O 17. c3 c5
18. Bh3 h5 19. Ke3 cxd4+ 20. cxd4 Nb4 21. Rac1+ Nc6 22. Bxg3 Bh6+ 23. Bf4 Bxf4+
24. Kxf4 Rhg8 25. Ke3 Kb8 26. Rc4 Bxf3 27. Kxf3 Nxd4+ 28. Ke4 Nc6 29. Rf1 Rg5
30. Rf5 Rxf5 31. Kxf5 Rd2 32. Kg5 Rxb2 33. Bd7 Rxa2 34. Kxh5 Ra5 35. Kg5 Rxe5+
36. Kf6 Rh5 37. Rc3 Kc7 38. Be8 Kd6 39. Bxf7 a5 40. Bxh5 b5 41. Be8 Nb4 42. Rc1
Nd5+ 43. Kf5 Nc7 44. Rc6+ Ke7 45. Rxc7+ Kxe8 46. Ra7 1-0

Ra7 1-0

[Event "Dundee & Angus Major"]
[Site "?"]
[Date "2009.10.17"]
[Round "2"]
[White "Home, Peter"]
[Black "Morrison, George"]
[Result "1/2-1/2"]
[WhiteElo "1364"]
[BlackElo "1539"]
[Annotator ",Raymond"]
[PlyCount "60"]

{32MB, Fritz9.ctg, CASTLEHILL} 1. d4 1... e6 2. Bf4 c5 3. Nf3 cxd4 4. Qxd4 Nc6
5. Qa4 Nf6 6. c3 Be7 7. Nbd2 O-O 8. e3 Nd5 9. Bg3 Nb6 10. Qc2 Nd5 11. Bd3 h6
12. O-O Nf6 13. h3 d5 14. a3 Bd6 15. c4 Bxg3 16. fxg3 Qc7 17. g4 Ne5 18. Nxe5
Qxe5 19. Rae1 Qd6 20. c5 Qe7 21. b4 Bd7 22. Nf3 Rfc8 23. Ne5 Be8 24. Qd2 Nd7
25. Nf3 b6 26. e4 Nf6 27. e5 Ne4 28. Bxe4 dxe4 29. Rxe4 bxc5 30. g5 hxg5
1/2-1/2

2-1/2

[Event "Dundee & Angus Major"]
[Site "?"]
[Date "2009.10.17"]
[Round "2"]
[White "Cunningham, Jim"]
[Black "Coope, Derek"]
[Result "0-1"]
[WhiteElo "1346"]
[BlackElo "1498"]
[Annotator ",Raymond"]
[PlyCount "83"]

{32MB, Fritz9.ctg, CASTLEHILL} 1. e4 1... b6 2. Nf3 Bb7 3. Nc3 g6 4. d4 Bg7 5.
Be2 d6 6. Bg5 Nd7 7. Qd2 Ngf6 8. Bd3 O-O 9. Bh6 c5 10. d5 Rc8 11. Bxg7 Kxg7 12.
Qe2 a6 13. Bxa6 Qc7 14. Bc4 Ra8 15. h3 h5 16. O-O Ne8 17. Rfe1 Qb8 18. Bb5 Ndf6
19. Nd2 Nc7 20. Bd3 Rc8 21. Nc4 Qa7 22. b3 b5 23. Nd2 b4 24. Nb5 Qb8 25. Nxc7
Qxc7 26. Bc4 Nd7 27. f4 Nb6 28. Qd3 Ra7 29. c3 Nxc4 30. Nxc4 Ba6 31. Qc2 Bxc4
32. bxc4 f6 33. cxb4 cxb4 34. Rec1 Ra3 35. Qb2 Qc5+ 36. Qf2 Qa5 37. Qb2 Ra8 38.
Rc2 b3 39. Rc3 Rxa2 40. Rxa2 bxa2 41. Qa1 Qxc3 42. Qxc3 0-1

c3 0-1

[Event "Dundee & Angus Major"]
[Site "?"]
[Date "2009.10.16"]
[Round "2"]
[White "Kerr, Robert"]
[Black "Robertson, John C"]
[Result "0-1"]
[WhiteElo "1435"]
[BlackElo "1278"]
[Annotator ",Raymond"]
[PlyCount "136"]

{32MB, Fritz9.ctg, CASTLEHILL} 1. e4 1... e6 2. Nc3 d6 3. Nf3 a6 4. Bc4 Nd7 5.
d4 Be7 6. Be3 Nb6 7. Bb3 Bd7 8. O-O h6 9. Qd2 Nc8 10. Rad1 b5 11. Ne2 Nf6 12.
Ng3 Ng4 13. Rfe1 Nxe3 14. Rxe3 Nb6 15. Qe2 O-O 16. d5 e5 17. Nf5 Bf6 18. Nd2
Bxf5 19. exf5 Bg5 20. Rh3 Bxd2 21. Rxd2 Qg5 22. g4 Nd7 23. c4 Nc5 24. Rd1 Nxb3
25. axb3 Qd8 26. Rdd3 f6 27. Qd2 Kf7 28. f4 Re8 29. fxe5 Rxe5 30. Rhe3 Qd7 31.
Rxe5 {[%emt 0:00:00]} 31... bxc4 32. bxc4 fxe5 33. Qb4 Qd8 34. Rb3 Kf6 35. h4
a5 36. Qd2 Kf7 37. g5 hxg5 38. Qxg5 Qxg5+ 39. hxg5 Ke7 40. Kf2 Rf8 41. Rf3 a4
42. Kg3 Rb8 43. Rf2 Rb3+ 44. Kh4 Rb4 45. Rc2 Kf8 46. Kh5 Rb3 47. c5 Rb7 48.
cxd6 cxd6 49. Rc4 Ra7 50. Rc6 Ke7 51. Kg6 e4 52. Kxg7 e3 53. Rc1 Ke8+ 54. Kh6
e2 55. Re1 Re7 56. g6 Kf8 57. f6 Re5 58. g7+ Kf7 59. g8=Q+ Kxg8 60. Kg6 Re3 61.
Kf5 Kf7 62. Kf4 Re8 63. Kf3 Kxf6 64. Kf4 Re5 65. Kf3 Kf5 66. Kf2 Kf4 67. Rxe2
Rxe2+ 68. Kxe2 Ke4 0-1

[Event "Dundee & Angus Major"]
[Site "?"]
[Date "2009.10.17"]
[Round "3"]
[White "Lyall, Duncan"]
[Black "Pearson, Walter"]
[Result "1-0"]
[WhiteElo "1382"]
[BlackElo "1504"]
[Annotator ",Raymond"]
[PlyCount "43"]
[TimeControl "240+2"]

{32MB, Fritz9.ctg, CASTLEHILL} 1. e4 e5 2. Nf3 Nc6 3. Bb5 a6 4. Ba4 Nf6 5. O-O
Nxe4 6. d4 b5 7. Re1 d5 8. Bb3 Be6 9. dxe5 Bc5 10. Be3 O-O 11. Bxc5 Nxc5 12.
Nd4 Nxd4 13. Qxd4 Nxb3 14. axb3 Qe7 15. b4 Rfc8 16. Nc3 c5 17. bxc5 Qxc5 18.
Red1 b4 19. Nxd5 Bxd5 20. Qxd5 Qxc2 21. Rxa6 Qc7 22. Rxa8 1-0

[Event "Dundee & Angus Major"]
[Site "?"]
[Date "2009.10.17"]
[Round "3"]
[White "Gregory, Sam j14"]
[Black "Noble, Ray"]
[Result "0-1"]
[WhiteElo "1216"]
[BlackElo "1466"]
[Annotator ",Raymond"]
[PlyCount "54"]
[TimeControl "240+2"]

{32MB, Fritz9.ctg, CASTLEHILL} 1. d4 e5 2. dxe5 Nc6 3. Nf3 Qe7 4. Nc3 Nxe5 5.
e4 Nf6 6. Bg5 c6 7. Nxe5 Qxe5 8. f4 Qe6 9. Bxf6 Qxf6 10. Qf3 Bb4 11. e5 Bxc3+
12. bxc3 Qe6 13. Be2 O-O 14. O-O d6 15. exd6 Qxd6 16. Bc4 Qc5+ 17. Kh1 Qxc4 18.
Rfd1 Be6 19. Rd4 Qb5 20. Rb4 Qa6 21. f5 Bd5 22. Qg4 c5 23. Rf4 Qf6 24. Raf1
Rfe8 25. c4 Bc6 26. Qh4 Qxh4 27. Rxh4 Re2 0-1

[Event "Dundee & Angus Major"]
[Site "?"]
[Date "2009.10.17"]
[Round "3"]
[White "Morrison, George"]
[Black "Dickson, Callum"]
[Result "1/2-1/2"]
[WhiteElo "1539"]
[BlackElo "1126"]
[Annotator ",Raymond"]
[PlyCount "41"]
[TimeControl "240+2"]

{32MB, Fritz9.ctg, CASTLEHILL} 1. e4 c5 2. Nf3 Nc6 3. Nc3 e6 4. Bc4 Nge7 5. O-O
d5 6. exd5 Nxd5 7. Nxd5 exd5 8. Re1+ Be7 9. Bb5 O-O 10. Bxc6 bxc6 11. d3 Bg4
12. Bf4 Re8 13. h3 Bxf3 14. Qxf3 Qd7 15. Re2 Bd6 16. Rae1 Bxf4 17. Qxf4 h6 18.
Rxe8+ Rxe8 19. Rxe8+ Qxe8 20. Kf1 Qd8 21. Qe3 1/2-1/2

[Event "Dundee & Angus Major"]
[Site "?"]
[Date "2009.10.17"]
[Round "3"]
[White "Coope, Derek"]
[Black "Clark, Alex"]
[Result "1-0"]
[WhiteElo "1498"]
[BlackElo "1308"]
[Annotator ",Raymond"]
[PlyCount "37"]

{32MB, Fritz9.ctg, CASTLEHILL} 1. b3 1... c6 2. Bb2 d5 3. g3 Nf6 4. Bg2 Bf5 5.
Nf3 e6 6. O-O Nbd7 7. d3 Bd6 8. Nbd2 Qc7 9. Rc1 h5 10. h4 O-O-O 11. c4 Rdg8 12.
cxd5 Nxd5 13. e4 Bxg3 14. exd5 exd5 15. fxg3 Qxg3 16. Qe1 Qg4 17. Ne5 Nxe5 18.
Qxe5 Bxd3 19. Rxf7 1-0

/2-1/2

[Event "Dundee & Angus Major"]
[Site "?"]
[Date "2009.10.17"]
[Round "3"]
[White "Koli, Randhir"]
[Black "Harkins, William"]
[Result "0-1"]
[WhiteElo "1535"]
[BlackElo "1447"]
[Annotator ",Raymond"]
[PlyCount "44"]

{32MB, Fritz9.ctg, CASTLEHILL} 1. d4 1... d5 2. c4 c6 3. Nc3 e6 4. e3 Nf6 5. a3
Nbd7 6. c5 e5 7. Bd3 Be7 8. Nge2 e4 9. Bc2 Nf8 10. O-O Ng6 11. h3 O-O 12. f4
Bd7 13. Qe1 Nh5 14. Ng3 Bh4 15. Nce2 Ne7 16. Nxh5 Bxe1 17. Rxe1 Nf5 18. Nhg3
Qh4 19. Kh2 Nh6 20. Rh1 Bg4 21. Kg1 Bxe2 22. Nxe2 Qe1+ 0-1

1c2 Rxc3 22. Rxc3 Rxc3 23. Qxc3 Qc6 24. Qa5
a6 25. Qc7 Qxc7 1/2-1/2

[Event "Dundee & Angus Major"]
[Site "?"]
[Date "2009.10.17"]
[Round "3"]
[White "Freel, Lawrence"]
[Black "Horne, Peter"]
[Result "1/2-1/2"]
[WhiteElo "1446"]
[BlackElo "1364"]
[Annotator ",Raymond"]
[PlyCount "101"]

{32MB, Fritz9.ctg, CASTLEHILL} 1. c4 1... g6 2. Nc3 Bg7 3. g3 c6 4. Bg2 Nf6 5.
Nf3 O-O 6. O-O d6 7. d3 Nbd7 8. Rb1 Qc7 9. b4 Ng4 10. Bb2 Nge5 11. b5 Nxf3+ 12.
Bxf3 Ne5 13. Bg2 Be6 14. a4 Rad8 15. Qc1 Qd7 16. a5 Bh3 17. a6 Bxg2 18. Kxg2
bxa6 19. bxa6 Rb8 20. Ba3 Ng4 21. h3 Ne5 22. Qc2 Qc7 23. Ne4 Nd7 24. Nc3 Qa5
25. Bb2 Qxa6 26. Ra1 Qb7 27. Rfb1 Qc7 28. Bc1 Rxb1 29. Rxb1 Rb8 30. Bd2 Rb6 31.
Be3 Rxb1 32. Nxb1 Nb6 33. Qa2 c5 34. Qa5 Qb7+ 35. Kg1 Nd7 36. Qd8+ Nf8 37. Nd2
Qd7 38. Qxd7 Nxd7 39. Nb3 Bc3 40. Bd2 Bxd2 41. Nxd2 f5 42. Nb3 Kf7 43. Kg2 Ke6
44. f4 d5 45. Kf3 dxc4 46. dxc4 Kd6 47. e4 fxe4+ 48. Kxe4 e6 49. g4 Nb6 50. Na5
Nd7 51. Nb3 1/2-1/2

[Event "Dundee & Angus Major"]
[Site "?"]
[Date "2009.10.17"]
[Round "3"]
[White "Bridges, David"]
[Black "Cubitt, David"]
[Result "0-1"]
[WhiteElo "1307"]
[BlackElo "1435"]
[Annotator ",Raymond"]
[PlyCount "106"]

{32MB, Fritz9.ctg, CASTLEHILL} 1. e4 1... d6 2. Nf3 Nf6 3. Nc3 g6 4. Bc4 Bg7 5.
d3 O-O 6. Bg5 e5 7. h3 Nc6 8. Qd2 Na5 9. Bd5 c6 10. Bb3 Nxb3 11. axb3 Qc7 12.
Bh6 Ne8 13. Bxg7 Nxg7 14. Qh6 Ne6 15. Nd1 Qe7 16. Ne3 Qf6 17. g4 Qxf3 18. Rh2
Qf4 19. Qxf4 Nxf4 20. Kd2 Be6 21. Nc4 Bxc4 22. bxc4 Kg7 23. h4 h5 24. Rg1 hxg4
25. Rxg4 Rh8 26. c3 Rh5 27. d4 Rah8 28. c5 dxc5 29. dxe5 Rd8+ 30. Ke3 g5 31.
Rxg5+ Rxg5 32. hxg5 Nd3 33. f4 c4 34. Rd2 Rh8 35. Kd4 b5 36. f5 Re8 37. e6 fxe6
38. f6+ Kg6 39. Rg2 e5+ 40. Ke3 Nf4 41. Rd2 Nd3 42. Rg2 Rh8 43. Rg3 Nxb2 44.
Rf3 Nd3 45. Rf5 Rf8 46. Kf3 a5 47. Kg4 b4 48. cxb4 axb4 49. Rf1 b3 50. f7 Rxf7
51. Rxf7 Kxf7 52. Kf5 b2 53. g6+ Kg7 0-1

[Event "Dundee & Angus Major"]
[Site "?"]
[Date "2009.10.18"]
[Round "4"]
[White "Cubitt, David"]
[Black "Lyall, Duncan"]
[Result "1/2-1/2"]
[WhiteElo "1435"]
[BlackElo "1382"]
[Annotator ",Raymond"]
[PlyCount "65"]

{32MB, Fritz9.ctg, CASTLEHILL} 1. d4 1... g6 2. e4 d6 3. Nf3 Nf6 4. Nc3 Bg7 5.
Be2 O-O 6. O-O Nbd7 7. Bg5 e5 8. dxe5 dxe5 9. Qd2 Nc5 10. Qe3 Qd6 11. h3 Nfd7
12. Rfd1 Qb6 13. Rab1 Ne6 14. Bh6 Nd4 15. Bxg7 Nxf3+ 16. Qxf3 Kxg7 17. Nd5 Qa5
18. a3 c6 19. Qc3 Qd8 20. Ne3 Qe7 21. Nc4 Nf6 22. Bf3 Re8 23. Nd6 Rd8 24. Nc4
Nd7 25. Rd2 b5 26. Nd6 Nb8 27. Nxc8 Rxc8 28. Rbd1 Rc7 29. Bg4 h5 30. Be2 a6 31.
Rd6 Raa7 32. b4 Rd7 33. Qc5 1/2-1/2

[Event "Dundee & Angus Major"]
[Site "?"]
[Date "2009.10.17"]
[Round "4"]
[White "Noble, Ray"]
[Black "Robertson, John C"]
[Result "1-0"]
[WhiteElo "1466"]
[BlackElo "1278"]
[Annotator ",Raymond"]
[PlyCount "93"]

{32MB, Fritz9.ctg, CASTLEHILL} 1. e4 1... e6 2. d4 d6 3. Nf3 Nd7 4. Bd3 Be7 5.
c4 c6 6. Nc3 e5 7. c5 exd4 8. cxd6 Bf6 9. Ne2 Ne5 10. Nxe5 Bxe5 11. f4 Bxd6 12.
O-O c5 13. e5 Bc7 14. b4 Ne7 15. bxc5 Bf5 16. Qa4+ Kf8 17. Qc2 g6 18. Bb2 Bxd3
19. Qxd3 Nf5 20. Nxd4 Nxd4 21. Bxd4 Rg8 22. Rad1 b6 23. Qa3 Ke8 24. Qa4+ Qd7
25. c6 Qe6 26. Bc3 a5 27. Rd7 Rc8 28. Rfd1 Kf8 29. Bb2 Kg7 30. Ba3 Rge8 31. Bd6
b5 32. Qd4 Bxd6 33. Rxd6 Qc4 34. Qxc4 bxc4 35. Rc1 Rb8 36. Rd7 Re6 37. c7 Rc8
38. Rxc4 Ree8 39. Kf2 h6 40. g4 g5 41. Kf3 Kg6 42. f5+ Kg7 43. Ke4 Kf8 44. f6
Kg8 45. Rc6 Kh7 46. Rxf7+ Kg6 47. Rg7# 1-0

[Event "Dundee & Angus Major"]
[Site "?"]
[Date "2009.10.18"]
[Round "4"]
[White "Harkins, William"]
[Black "Coope, Derek"]
[Result "1/2-1/2"]
[WhiteElo "1447"]
[BlackElo "1498"]
[Annotator ",Raymond"]
[PlyCount "101"]

{32MB, Fritz9.ctg, CASTLEHILL} 1. d4 1... b6 2. Nf3 Bb7 3. e3 g6 4. b3 Bg7 5.
Nbd2 Nf6 6. Bb2 O-O 7. Bd3 d6 8. O-O Nbd7 9. c4 c5 10. d5 a6 11. Rc1 Rb8 12.
Ne1 Re8 13. e4 Bc8 14. a4 Nf8 15. Be2 Bd7 16. Nd3 b5 17. e5 dxe5 18. Bxe5 Rc8
19. axb5 axb5 20. h4 bxc4 21. bxc4 h5 22. f3 Bf5 23. g4 Bxd3 24. Bxd3 Nxg4 25.
fxg4 Bxe5 26. gxh5 Qd7 27. Qf3 Bd4+ 28. Kh1 e6 29. Ne4 Qe7 30. Qg3 Red8 31. d6
Qb7 32. Qg2 Rb8 33. hxg6 f5 34. g7 Qxg7 35. Qxg7+ Kxg7 36. Ng5 Rxd6 37. Rc2 Bf6
38. Be2 Bxg5 39. hxg5 Ng6 40. Ra2 Ne5 41. Rf4 Kg6 42. Rh4 Kxg5 43. Rh5+ Kg6 44.
Ra1 Ng4 45. Rh4 Rd4 46. Bxg4 Rxg4 47. Rxg4+ fxg4 48. Re1 Rb6 49. Kg2 Kf6 50.
Kh1 Kg6 51. Kg2 1/2-1/2

[Event "Dundee & Angus Major"]
[Site "?"]
[Date "2009.10.18"]
[Round "4"]
[White "Pearson, Walter"]
[Black "Morris, Iain"]
[Result "0-1"]
[WhiteElo "1504"]
[BlackElo "1429"]
[Annotator ",Raymond"]
[PlyCount "90"]

{32MB, Fritz9.ctg, CASTLEHILL} 1. e4 1... c6 2. Nc3 Nf6 3. e5 Nd5 4. d4 d6 5.
f4 e6 6. Nf3 b6 7. Ne4 f5 8. exf6 Nxf6 9. Bd3 Nxe4 10. Bxe4 Be7 11. O-O O-O 12.
Be3 d5 13. Bd3 Bf6 14. Qe2 Qe7 15. Rf2 a5 16. Raf1 Ba6 17. Ng5 Bxd3 18. Qxd3
Bxg5 19. fxg5 Rxf2 20. Rxf2 Nd7 21. c4 Rf8 22. Rc2 Qb4 23. Qc3 c5 24. cxd5 Qxc3
25. Rxc3 cxd4 26. Bxd4 exd5 27. Rc6 Rb8 28. Rd6 Nc5 29. Rxd5 Rc8 30. h4 Nd3 31.
Rd7 Rc1+ 32. Kh2 g6 33. Rg7+ Kf8 34. Rxh7 Nf4 35. Rh8+ Kf7 36. Rb8 Rc2 37. Rb7+
Ke6 38. Rxb6+ Kf5 39. Rb5+ Kg4 40. Rc5 Rxg2+ 41. Kh1 Rd2 42. Be3 Rd1+ 43. Kh2
Nh5 44. Rc4+ Kf3 45. Bc1 Rd3 0-1

[Event "Dundee & Angus Major"]
[Site "?"]
[Date "2009.10.18"]
[Round "4"]
[White "Clark, Alex"]
[Black "Park, Frank"]
[Result "0-1"]
[WhiteElo "1308"]
[BlackElo "1455"]
[Annotator ",Raymond"]
[PlyCount "112"]

{32MB, Fritz9.ctg, CASTLEHILL} 1. e4 1... e5 2. Nc3 Nf6 3. f4 exf4 4. e5 Ng8 5.
Nf3 Be7 6. h4 d6 7. d4 dxe5 8. dxe5 Qxd1+ 9. Kxd1 c6 10. Bxf4 Be6 11. Bd3 Nd7
12. Kd2 O-O-O 13. Rhe1 Nc5 14. b3 Bf5 15. Ng5 Bxg5 16. Bxg5 Rd7 17. Re3 h6 18.
Bf4 Ne7 19. Ke2 Bg4+ 20. Kf2 Rhd8 21. Be2 Bf5 22. b4 Ne6 23. Bh2 Rd2 24. Ne4
Bxe4 25. Rxe4 Rxc2 26. a4 Rdd2 27. Re1 Nd5 28. Kf1 Nc3 29. Re3 Nxa4 30. Rd3
Rxd3 31. Bxd3 Rd2 32. Be4 Rd4 33. b5 c5 34. Bg1 Rb4 35. Bf5 Rxb5 36. Rc1 b6 37.
Rd1 Rb4 38. Be3 Rxh4 39. Rd6 Nb2 40. Rd5 Kc7 41. Rd2 Nc4 42. Re2 Nxe3+ 43. Rxe3
Rf4+ 44. Rf3 Rxf3+ 45. gxf3 a5 46. Ke2 a4 47. Kd2 b5 48. Kc3 b4+ 49. Kc4 Kc6
50. Be4+ Kb6 51. Bf5 a3 52. Bb1 Nd4 53. f4 b3 54. f5 b2 55. e6 fxe6 56. fxe6
Nxe6 0-1

[Event "Dundee & Angus Major"]
[Site "?"]
[Date "2009.10.18"]
[Round "4"]
[White "Chalmers, Martin"]
[Black "Dickson, Callum"]
[Result "1/2-1/2"]
[WhiteElo "1458"]
[BlackElo "1126"]
[Annotator ",Raymond"]
[PlyCount "85"]

{32MB, Fritz9.ctg, CASTLEHILL} 1. e4 1... c5 2. Nc3 Nc6 3. f4 e6 4. Nf3 d5 5.
e5 Nge7 6. g3 g6 7. Bg2 Bg7 8. Nb5 O-O 9. Nd6 Bd7 10. Nxb7 Qb6 11. Nd6 Nc8 12.
Nxc8 Raxc8 13. d3 Rfd8 14. O-O c4+ 15. d4 a5 16. Kh1 Nb4 17. a3 Na6 18. Rb1 a4
19. Bd2 Rb8 20. Qe1 Rdc8 21. Ba5 Qb5 22. Bc3 Rb7 23. Ng5 Rcb8 24. Qd1 Nc7 25.
Nf3 Qb6 26. Bb4 Nb5 27. c3 Bf8 28. Nd2 Bxb4 29. axb4 a3 30. bxa3 Nxc3 31. Qc1
Nxb1 32. Nxb1 Qxd4 33. Rd1 Qb6 34. Nc3 Bc6 35. Ne2 Rd8 36. Nd4 Ra7 37. Qc3 Rda8
38. Ra1 Ra4 39. Nc2 d4 40. Qxc4 Bxg2+ 41. Kxg2 R4a7 42. Qd3 Rd8 43. a4 1/2-1/2

 Ke4 Rc3 46. Ra6 Re7+ 0-1

. Kd2 b5 48. Kc3 b4+ 49. Kc4 Kc6
50. Be4+ Kb6 51. Bf5 a3 52. Bb1 Nd4 53. f4 b3 54. f5 b2 55. e6 fxe6 56. fxe6
Nxe6 0-1

[Event "Dundee & Angus Major"]
[Site "?"]
[Date "2009.10.18"]
[Round "4"]
[White "Horne, Peter"]
[Black "Koli, Randhir"]
[Result "0-1"]
[WhiteElo "1364"]
[BlackElo "1535"]
[Annotator ",Raymond"]
[PlyCount "75"]

{32MB, Fritz9.ctg, CASTLEHILL} 1. d4 1... d5 2. Nf3 e6 3. Bf4 c5 4. e3 Nc6 5.
Bb5 Bd7 6. O-O a6 7. Be2 c4 8. b3 b5 9. c3 Nf6 10. Nbd2 h6 11. Ne5 Be7 12. Nxd7
Nxd7 13. b4 Nb6 14. e4 Bg5 15. Bg3 Bxd2 16. Qxd2 dxe4 17. f3 exf3 18. Bxf3 Nd5
19. Bf4 Qd7 20. Bg3 O-O 21. Bd1 a5 22. bxa5 Rxa5 23. a4 Rfa8 24. Bh5 f6 25. Bh4
Rxa4 26. Rxa4 bxa4 27. Ra1 Nxc3 28. Qxc3 Qxd4+ 29. Qxd4 Nxd4 30. Bg6 f5 31. Kf2
c3 32. Bg3 c2 33. Bf4 Nb3 34. Re1 a3 35. Bc1 a2 36. Bb2 a1=Q 37. Rxa1 Nxa1 38.
Bxf5 0-1

Rc8+ Kg7 40. Kf3 Rc7 41. Rd8 Red7 42. Re8 Rc4 43. e6 fxe6 44. Rxe6
Rdc7 45. Ke4 Rc3 46. Ra6 Re7+ 0-1

. Kd2 b5 48. Kc3 b4+ 49. Kc4 Kc6
50. Be4+ Kb6 51. Bf5 a3 52. Bb1 Nd4 53. f4 b3 54. f5 b2 55. e6 fxe6 56. fxe6
Nxe6 0-1

[Event "Dundee & Angus Major"]
[Site "?"]
[Date "2009.10.18"]
[Round "4"]
[White "Kerr, Robert"]
[Black "Freel, Lawrence"]
[Result "1/2-1/2"]
[WhiteElo "1435"]
[BlackElo "1446"]
[Annotator ",Raymond"]
[PlyCount "50"]

{32MB, Fritz9.ctg, CASTLEHILL} 1. e4 1... d6 2. Nf3 Nf6 3. Nc3 Bg4 4. d4 c6 5.
h3 Bh5 6. Bf4 Qa5 7. Qd3 Na6 8. Qd2 Qb6 9. Be2 e6 10. O-O Be7 11. Rab1 Bg6 12.
e5 dxe5 13. Bxe5 Nb4 14. Rfc1 O-O 15. a3 Nbd5 16. Nxd5 cxd5 17. Bd3 Bxd3 18.
cxd3 Rac8 19. Rc3 Rc6 20. Rbc1 Rfc8 21. R1c2 Rxc3 22. Rxc3 Rxc3 23. Qxc3 Qc6
24. Qa5 a6 25. Qc7 Qxc7 1/2-1/2

7 28. f4 Re8 29. fxe5 Rxe5 30. Rhe3 Qd7 31.
Rxe5 {[%emt 0:00:00]} 31... bxc4 32. bxc4 fxe5 33. Qb4 Qd8 34. Rb3 Kf6 35. h4
a5 36. Qd2 Kf7 37. g5 hxg5 38. Qxg5 Qxg5+ 39. hxg5 Ke7 40. Kf2 Rf8 41. Rf3 a4
42. Kg3 Rb8 43. Rf2 Rb3+ 44. Kh4 Rb4 45. Rc2 Kf8 46. Kh5 Rb3 47. c5 Rb7 48.
cxd6 cxd6 49. Rc4 Ra7 50. Rc6 Ke7 51. Kg6 e4 52. Kxg7 e3 53. Rc1 Ke8+ 54. Kh6
e2 55. Re1 Re7 56. g6 Kf8 57. f6 Re5 58. g7+ Kf7 59. g8=Q+ Kxg8 60. Kg6 Re3 61.
Kf5 Kf7 62. Kf4 Re8 63. Kf3 Kxf6 64. Kf4 Re5 65. Kf3 Kf5 66. Kf2 Kf4 67. Rxe2
Rxe2+ 68. Kxe2 Ke4 0-1

[Event "Dundee & Angus Major"]
[Site "?"]
[Date "2009.??.??"]
[Round "5"]
[White "Atkins, Graham"]
[Black "Clark, Alex"]
[Result "1-0"]
[WhiteElo "1456"]
[BlackElo "1308"]
[Annotator ",Raymond"]
[PlyCount "39"]

1. e4 c6 2. d4 d5 3. Nc3 dxe4 4. Nxe4 Bf5 5. f3 Nd7 6. Bd3 e6 7. Be3 Ngf6 8. c3
Be7 9. Qc2 O-O 10. Nxf6+ Nxf6 11. Bxf5 exf5 12. Qxf5 Nd5 13. Bd2 Re8 14. O-O-O
Qa5 15. c4 Bb4 16. Bxb4 Qxb4 17. cxd5 Re1 18. Nh3 Rae8 19. Rhxe1 Qc4+ 20. Kb1
1-0


19. Bd2 Rb8 20. Qe1 Rdc8 21. Ba5 Qb5 22. Bc3 Rb7 23. Ng5 Rcb8 24. Qd1 Nc7 25.
Nf3 Qb6 26. Bb4 Nb5 27. c3 Bf8 28. Nd2 Bxb4 29. axb4 a3 30. bxa3 Nxc3 31. Qc1
Nxb1 32. Nxb1 Qxd4 33. Rd1 Qb6 34. Nc3 Bc6 35. Ne2 Rd8 36. Nd4 Ra7 37. Qc3 Rda8
38. Ra1 Ra4 39. Nc2 d4 40. Qxc4 Bxg2+ 41. Kxg2 R4a7 42. Qd3 Rd8 43. a4 1/2-1/2

b8 43. Rf2 Rb3+ 44. Kh4 Rb4 45. Rc2 Kf8 46. Kh5 Rb3 47. c5 Rb7 48.
cxd6 cxd6 49. Rc4 Ra7 50. Rc6 Ke7 51. Kg6 e4 52. Kxg7 e3 53. Rc1 Ke8+ 54. Kh6
e2 55. Re1 Re7 56. g6 Kf8 57. f6 Re5 58. g7+ Kf7 59. g8=Q+ Kxg8 60. Kg6 Re3 61.
Kf5 Kf7 62. Kf4 Re8 63. Kf3 Kxf6 64. Kf4 Re5 65. Kf3 Kf5 66. Kf2 Kf4 67. Rxe2
Rxe2+ 68. Kxe2 Ke4 0-1

[Event "Dundee & Angus Major"]
[Site "?"]
[Date "2009.10.18"]
[Round "5"]
[White "Morris, Iain"]
[Black "Park, Frank"]
[Result "1/2-1/2"]
[WhiteElo "1429"]
[BlackElo "1455"]
[Annotator ",Raymond"]
[PlyCount "36"]

{32MB, Fritz9.ctg, CASTLEHILL} 1. c4 1... e5 2. d3 d6 3. Nc3 Nf6 4. e4 Be7 5.
f4 Bg4 6. Be2 Bxe2 7. Qxe2 Nc6 8. Be3 exf4 9. Bxf4 Nd4 10. Qf2 Ne6 11. Be3 a6
12. Nf3 Ng4 13. Qd2 Nxe3 14. Qxe3 O-O 15. O-O c6 16. Ne2 Bf6 17. Qd2 Rb8 18.
Rab1 h6 1/2-1/2

[Event "Dundee & Angus Major"]
[Site "?"]
[Date "2009.10.18"]
[Round "5"]
[White "Morrison, George"]
[Black "Bridges, David"]
[Result "1-0"]
[WhiteElo "1539"]
[BlackElo "1307"]
[Annotator ",Raymond"]
[PlyCount "83"]

{32MB, Fritz9.ctg, CASTLEHILL} 1. e4 1... e5 2. Nf3 Nc6 3. Bc4 Nf6 4. Nc3 d6 5.
O-O Bg4 6. Re1 Nd4 7. Be2 Nxe2+ 8. Qxe2 g6 9. Qb5+ Bd7 10. Qxb7 Qb8 11. Qxb8+
Rxb8 12. d4 exd4 13. Nxd4 Be7 14. e5 dxe5 15. Rxe5 Rb4 16. Nf3 a6 17. Bg5 Be6
18. b3 h6 19. Bd2 Rb6 20. Rae1 Nd7 21. R5e2 g5 22. Nd4 Nf8 23. Nxe6 Nxe6 24.
Nd5 Rc6 25. c4 Kd7 26. Bc3 Re8 27. Rd1 Bd6 28. Nf6+ Kd8 29. Nxe8 Kxe8 30. Re3
Kd7 31. Rh3 Kc8 32. Rxh6 Kb7 33. Rf6 Nf4 34. Kf1 Ne6 35. Rxf7 Bxh2 36. g3 g4
37. Rh7 Bxg3 38. fxg3 Ng5 39. Re7 Nf3 40. Rdd7 Kb6 41. Rf7 Kb7 42. Ba5 1-0

[Event "Dundee & Angus Major"]
[Site "?"]
[Date "2009.10.18"]
[Round "5"]
[White "Coope, Derek"]
[Black "Lyall, Duncan"]
[Result "1/2-1/2"]
[WhiteElo "1498"]
[BlackElo "1382"]
[Annotator ",Raymond"]
[PlyCount "62"]

{32MB, Fritz9.ctg, CASTLEHILL} 1. b3 1... e5 2. Bb2 Nc6 3. g3 d5 4. Bg2 Nf6 5.
d3 Bd7 6. Nf3 Bd6 7. O-O O-O 8. Nbd2 b5 9. Rc1 a6 10. c4 bxc4 11. dxc4 Qe7 12.
e3 Nb4 13. cxd5 Nd3 14. Rc2 Nxb2 15. Rxb2 Rab8 16. e4 Bb4 17. Qc2 Rfc8 18. Nc4
c6 19. dxc6 Bxc6 20. Nfxe5 Bb5 21. a4 Qxe5 22. axb5 Qxb5 23. Qb1 Ne8 24. Rd1
Bc3 25. Na3 Qb4 26. Nc2 Qb6 27. Ra2 a5 28. Ra3 Bb4 29. Nxb4 axb4 30. Ra4 Rc3
31. Rc1 Qe6 1/2-1/2

[Event "Dundee & Angus Major"]
[Site "?"]
[Date "2009.10.18"]
[Round "5"]
[White "Koli, Randhir"]
[Black "Gregory, Sam"]
[Result "0-1"]
[WhiteElo "1535"]
[BlackElo "1216"]
[Annotator ",Raymond"]
[PlyCount "92"]

{32MB, Fritz9.ctg, CASTLEHILL} 1. d4 1... Nf6 2. c4 g6 3. Nc3 d5 4. e3 Bg7 5.
Nf3 O-O 6. a3 c6 7. c5 Nbd7 8. b4 Qc7 9. Bb2 e5 10. Nxe5 Nxe5 11. dxe5 Qxe5 12.
Bd3 Re8 13. O-O Be6 14. Qd2 Qc7 15. f3 Rad8 16. Ne2 b6 17. cxb6 Qxb6 18. Rac1
Bd7 19. Bd4 Qb8 20. Qc3 Nh5 21. Bxg7 Nxg7 22. e4 Ne6 23. e5 d4 24. Nxd4 Qb6 25.
Rf2 Qxd4 26. Qxd4 Nxd4 27. f4 Be6 28. Be4 Bd5 29. Bxd5 cxd5 30. Rd1 Nf5 31. g4
Ne3 32. Rc1 Nxg4 33. Rg2 Ne3 34. Rg3 Nf5 35. Rd3 Kf8 36. Kf2 d4 37. Rc7 Re7 38.
Rc4 Rdd7 39. Rc8+ Kg7 40. Kf3 Rc7 41. Rd8 Red7 42. Re8 Rc4 43. e6 fxe6 44. Rxe6
Rdc7 45. Ke4 Rc3 46. Ra6 Re7+ 0-1